[Event "Ustron op-B"]
[Site "Ustron"]
[Date "2023.08.14"]
[Round "4"]
[White "Jaworski, Tymon"]
[Black "Lichorad, Mateusz"]
[Result "1/2-1/2"]
[WhiteElo "1867"]
[BlackElo "2011"]
[PlyCount "137"]
[EventDate "2023.08.11"]
[EventType "swiss"]
[EventRounds "9"]
[EventCountry "POL"]
[SourceTitle "CBM 215 Extra"]
[Source "ChessBase"]
[SourceDate "2023.09.30"]
[SourceVersion "1"]
[SourceVersionDate "2023.09.30"]
[SourceQuality "1"]

1. c4 e5 2. Nc3 Nf6 3. g3 Bb4 4. Bg2 0-0 5. e4 d6 6. Nge2 Nc6 7. 0-0 a6 8. d3 Rb8 9. Nd5 Nxd5 10. cxd5 Ne7 11. Be3 c6 12. Qb3 Ba5 13. dxc6 Be6 14. Qc2 Nxc6 15. Nc3 Bb6 16. Qd2 Bxe3 17. fxe3 b5 18. Nd5 Bxd5 19. exd5 Ne7 20. b4 Qb6 21. Rac1 f5 22. Kh1 Rbc8 23. h4 Qb7 24. e4 Qd7 25. Kh2 Rf6 26. Rxc8+ Qxc8 27. exf5 Nxf5 28. Bh3 Qf8 29. Qg5 h6 30. Qh5 Ne3 31. Be6+ Kh7 32. Rxf6 Qxf6 33. Qe2 Nf5 34. Qe4 g6 35. Qf3 Kg7 36. Bc8 Qf8 37. Be6 Nd4 38. Qxf8+ Kxf8 39. Bc8 Nc2 40. a3 Nxa3 41. Bxa6 Nc2 42. Bxb5 Nxb4 43. Bc4 Ke7 44. Kg2 Kf6 45. Kf3 Kf5 46. g4+ Kf6 47. Ke4 Nc2 48. Bb5 Nd4 49. Be8 Kg7 50. Ba4 Kf7 51. Bd1 Nb5 52. Bb3 h5 53. gxh5 gxh5 54. Ke3 Nd4 55. Bd1 Nf5+ 56. Ke4 Kf6 57. Bf3 Nxh4 58. Bxh5 Nf5 59. Be8 Nd4 60. Ba4 Ke7 61. Ke3 Kd8 62. Kd2 Ke7 63. Ke3 Kf6 64. Bd7 Kg5 65. Bc8 Kh4 66. Kf2 Nc2 67. Kf3 Nd4+ 68. Kf2 Kg5 69. Ke3 1/2-1/2

[Event "Ustron op-B"]
[Site "Ustron"]
[Date "2022.08.19"]
[Round "8"]
[White "Kulesza, Andrzej"]
[Black "Lichorad, Mateusz"]
[Result "0-1"]
[WhiteElo "2023"]
[BlackElo "1877"]
[PlyCount "98"]
[EventDate "2022.08.12"]
[EventType "swiss"]
[EventRounds "9"]
[EventCountry "POL"]
[SourceTitle "CBM 209 Extra"]
[Source "ChessBase"]
[SourceDate "2022.09.30"]
[SourceVersion "1"]
[SourceVersionDate "2022.09.30"]
[SourceQuality "1"]

1. e4 c5 2. Nf3 d6 3. d4 cxd4 4. Nxd4 Nf6 5. Nc3 a6 6. Bg5 Nbd7 7. Qe2 h6 8. Bh4 g6 9. f4 e5 10. fxe5 dxe5 11. Nb3 Qc7 12. 0-0-0 Bg7 13. Kb1 b5 14. Nd5 Nxd5 15. exd5 Qd6 16. g4 0-0 17. Bg2 Nb6 18. Bf2 Na4 19. h3 Bd7 20. Qd2 a5 21. Be3 Kh7 22. Rdg1 Rfc8 23. Be4 Rc4 24. Qg2 Nxb2 25. Kxb2 a4 26. Nc5 Rxc5 27. Bxc5 Qxc5 28. Qf3 a3+ 29. Kc1 Ra4 30. Re1 Qd4 31. Bd3 Qb2+ 32. Kd2 Rf4 33. Qe3 Qb4+ 34. Ke2 Bf6 35. Rb1 Qd6 36. Rhf1 Bg5 37. Rxf4 Bxf4 38. Qe4 Qc5 39. Kf1 h5 40. Be2 f5 41. Qd3 fxg4 42. hxg4 hxg4 43. Kg2 Bf5 44. Rxb5 Bxd3 45. Rxc5 Bxe2 46. d6 Bf3+ 47. Kf1 g3 48. Rc7+ Kh6 49. d7 Be3 0-1

[Event "Ustron op-B"]
[Site "Ustron"]
[Date "2022.08.13"]
[Round "2"]
[White "Grochol, Kamil"]
[Black "Lichorad, Mateusz"]
[Result "1/2-1/2"]
[WhiteElo "1999"]
[BlackElo "1877"]
[PlyCount "53"]
[EventDate "2022.08.12"]
[EventType "swiss"]
[EventRounds "9"]
[EventCountry "POL"]
[SourceTitle "CBM 209 Extra"]
[Source "ChessBase"]
[SourceDate "2022.09.30"]
[SourceVersion "1"]
[SourceVersionDate "2022.09.30"]
[SourceQuality "1"]

1. d4 Nf6 2. Bf4 c5 3. c3 e6 4. e3 Nc6 5. Nd2 b6 6. Ngf3 Bb7 7. Nc4 cxd4 8. exd4 d6 9. Bd3 Be7 10. 0-0 0-0 11. h3 b5 12. Ne3 a6 13. Re1 Nb8 14. a4 b4 15. cxb4 Nbd7 16. Nc4 Nb6 17. Na5 Qd7 18. Nxb7 Qxb7 19. b5 axb5 20. Bxb5 Nbd5 21. Bd2 Nc7 22. Bd3 Qxb2 23. Qe2 Qb7 24. Reb1 Qa7 25. a5 Rfb8 26. g3 Nfd5 27. Kg2 1/2-1/2

[Event "Katowice POL-HUN 9th"]
[Site "Katowice"]
[Date "2021.07.03"]
[Round "2"]
[White "Zwardon, Vojtech"]
[Black "Lichorad, Mateusz"]
[Result "1-0"]
[WhiteElo "2466"]
[BlackElo "1894"]
[PlyCount "103"]
[EventDate "2021.07.03"]
[EventType "swiss (rapid)"]
[EventRounds "9"]
[EventCountry "POL"]
[SourceTitle "CBM 203 Extra"]
[Source "ChessBase"]
[SourceDate "2021.09.30"]
[SourceVersion "1"]
[SourceVersionDate "2021.09.30"]
[SourceQuality "1"]

1. c4 Nf6 2. Nc3 d5 3. cxd5 Nxd5 4. g3 c6 5. Bg2 e6 6. Nf3 Be7 7. 0-0 0-0 8. d4 Nd7 9. Qc2 Qc7 10. Rd1 Rd8 11. Ng5 N7f6 12. e4 Nxc3 13. bxc3 h6 14. Bf4 Qa5 15. Nf3 c5 16. Ne5 Bd7 17. d5 Ba4 18. Qb2 Bxd1 19. Qxb7 Re8 20. Nc6 Qb6 21. Nxe7+ Kf8 22. Qxb6 axb6 23. Rxd1 Kxe7 24. d6+ Kd7 25. e5 Nd5 26. c4 Nxf4 27. Bxa8 Ne2+ 28. Kf1 Rxa8 29. Kxe2 Rxa2+ 30. Rd2 Ra4 31. Kd3 f6 32. f4 Ra3+ 33. Ke2 fxe5 34. fxe5 Rc3 35. Ra2 Rxc4 36. Ra7+ Kc6 37. Rc7+ Kb5 38. Ke3 Rd4 39. Re7 Kc4 40. Rxe6 b5 41. Re7 b4 42. Rxg7 b3 43. Rb7 Kc3 44. d7 b2 45. e6 Rb4 46. d8Q b1Q 47. Qd2+ Kc4 48. Rxb4+ cxb4 49. e7 Qg1+ 50. Kf4 Qf1+ 51. Ke5 Qf7 52. Qd4+ 1-0

[Event "Rubinstein Memorial-C 53rd"]
[Site "Polanica Zdroj"]
[Date "2017.08.19"]
[Round "3"]
[White "Cichocki, Konrad"]
[Black "Lichorad, Mateusz"]
[Result "1/2-1/2"]
[WhiteElo "1857"]
[BlackElo "1667"]
[PlyCount "90"]
[EventDate "2017.08.19"]
[EventType "swiss"]
[EventRounds "9"]
[EventCountry "POL"]
[SourceTitle "CBM 180 Extra"]
[Source "ChessBase"]
[SourceDate "2017.10.06"]
[SourceVersion "1"]
[SourceVersionDate "2017.10.06"]
[SourceQuality "1"]

1. c4 e5 2. Nc3 Nc6 3. g3 d6 4. Bg2 g6 5. d3 Bg7 6. Nf3 h6 7. 0-0 Nge7 8. e4 0-0 9. Be3 Be6 10. Qd2 Kh7 11. c5 Nd4 12. cxd6 Nxf3+ 13. Bxf3 cxd6 14. d4 a6 15. d5 Bd7 16. a4 f5 17. Be2 fxe4 18. Nxe4 Bh3 19. Rfc1 Nf5 20. Qb4 Qe7 21. Ra3 Nd4 22. Bxd4 exd4 23. f3 Rfd8 24. Rb3 Rd7 25. Qd2 Rf8 26. Bf1 Bxf1 27. Rxf1 Qe5 28. Qa5 Rf5 29. Re1 Qxd5 30. Qxd5 Rxd5 31. Rd3 Ra5 32. b3 d5 33. Nd2 Rc5 34. Rd1 Rc3 35. Nb1 Rxd3 36. Rxd3 Rc7 37. Kf2 Kg8 38. f4 Kf7 39. g4 Bf6 40. Nd2 Bh4+ 41. Kf3 Bf6 42. Kf2 g5 43. f5 Be5 44. Nf3 Rc2+ 45. Rd2 Rc3 1/2-1/2

[Event "POL-chT U20 2nd League"]
[Site "Szczyrk"]
[Date "2017.07.28"]
[Round "9.28"]
[White "Lichorad, Mateusz"]
[Black "Haliniak, Wojciech"]
[Result "1-0"]
[WhiteElo "1667"]
[BlackElo "1484"]
[PlyCount "111"]
[EventDate "2017.07.22"]
[EventType "team-swiss"]
[EventRounds "11"]
[EventCountry "POL"]
[SourceTitle "EXT 2019"]
[Source "ChessBase"]
[SourceDate "2018.10.10"]
[SourceVersion "1"]
[SourceVersionDate "2018.10.10"]
[SourceQuality "1"]

1. e4 Nf6 2. Nc3 e5 3. Nf3 Nc6 4. d4 exd4 5. Nxd4 Bb4 6. Nxc6 bxc6 7. Bd3 Qe7 8. 0-0 0-0 9. Qf3 Qe5 10. Bf4 Qc5 11. Ne2 Ba5 12. a3 Qh5 13. Qxh5 Nxh5 14. Be3 Re8 15. Nd4 Nf6 16. Nb3 Bb6 17. Bxb6 cxb6 18. Rfe1 d6 19. Rad1 Bg4 20. f3 Bh5 21. Nd4 Rac8 22. c3 Nd7 23. Nf5 Re5 24. Nxd6 Rd8 25. Nc4 Re6 26. Be2 Kf8 27. Rd2 b5 28. Ne3 Bg6 29. Red1 Ke7 30. a4 a6 31. h4 h5 32. Nc2 Ke8 33. Ne1 Ke7 34. Nd3 Rd6 35. Nb4 Nb8 36. Rxd6 Rxd6 37. Rxd6 Kxd6 38. axb5 axb5 39. Kf2 f6 40. Ke3 c5 41. Nd5 c4 42. Nb4 Bf7 43. f4 Nd7 44. Kd4 g6 45. Bf3 Be8 46. Nc2 Bf7 47. Ne3 Be8 48. g4 Ke6 49. gxh5 gxh5 50. Nf5 Nb6 51. Ng7+ Ke7 52. Nxe8 Kxe8 53. Bxh5+ Kf8 54. Bd1 Kf7 55. Kc5 Na4+ 56. Bxa4 1-0

[Event "POL-chT U20 2nd League"]
[Site "Szczyrk"]
[Date "2017.07.27"]
[Round "8.34"]
[White "Kaliszuk, Kamil"]
[Black "Lichorad, Mateusz"]
[Result "0-1"]
[WhiteElo "1450"]
[BlackElo "1667"]
[PlyCount "64"]
[EventDate "2017.07.22"]
[EventType "team-swiss"]
[EventRounds "11"]
[EventCountry "POL"]
[SourceTitle "EXT 2019"]
[Source "ChessBase"]
[SourceDate "2018.10.10"]
[SourceVersion "1"]
[SourceVersionDate "2018.10.10"]
[SourceQuality "1"]

1. c4 e5 2. Nc3 Nc6 3. g3 d6 4. Bg2 g6 5. e3 Bg7 6. Nge2 f5 7. d3 Nf6 8. Rb1 0-0 9. b4 Ne7 10. d4 e4 11. 0-0 c6 12. d5 Ng4 13. f4 Nf6 14. a4 h6 15. b5 c5 16. Bd2 Bd7 17. Qc2 Qe8 18. Rbc1 g5 19. h3 Ng6 20. Nd1 Qe7 21. Bc3 Rae8 22. Re1 Kh7 23. Nf2 gxf4 24. gxf4 Nh5 25. Bxg7 Qxg7 26. Kh2 Rg8 27. Rg1 Qf6 28. Qc3 Qxc3 29. Rxc3 Re7 30. Rcc1 Nh4 31. Rce1 Rxg2+ 32. Rxg2 Nf3+ 0-1

[Event "POL-chT U20 2nd League"]
[Site "Szczyrk"]
[Date "2017.07.26"]
[Round "7.40"]
[White "Lichorad, Mateusz"]
[Black "Cwiek, Stefan"]
[Result "1-0"]
[WhiteElo "1667"]
[BlackElo "1167"]
[PlyCount "133"]
[EventDate "2017.07.22"]
[EventType "team-swiss"]
[EventRounds "11"]
[EventCountry "POL"]
[SourceTitle "EXT 2019"]
[Source "ChessBase"]
[SourceDate "2018.10.10"]
[SourceVersion "1"]
[SourceVersionDate "2018.10.10"]
[SourceQuality "1"]

1. e4 e5 2. Nf3 Nc6 3. Bc4 Bc5 4. d3 Nf6 5. c3 0-0 6. 0-0 d5 7. exd5 Nxd5 8. a4 a5 9. Nbd2 Bf5 10. Ne4 Bxe4 11. dxe4 Nb6 12. Bb3 h6 13. Qe2 Qe7 14. Be3 Rfd8 15. Rfd1 Bxe3 16. Qxe3 Rd6 17. Rxd6 Qxd6 18. h3 Rd8 19. Rd1 Qe7 20. Rxd8+ Qxd8 21. Qc5 Qd6 22. Qb5 Kf8 23. Bd5 f6 24. Nh4 Nxd5 25. exd5 Ne7 26. Qxa5 Qxd5 27. Ng6+ Ke8 28. Qa8+ Qd8 29. Qxd8+ Kxd8 30. Nxe7 Kxe7 31. Kf1 Kd6 32. Ke2 f5 33. Kd3 Kc5 34. b4+ Kd5 35. c4+ Kd6 36. a5 Kc6 37. f3 g6 38. g3 h5 39. Ke3 g5 40. g4 hxg4 41. hxg4 f4+ 42. Ke4 Kd6 43. Kf5 c6 44. Kxg5 Ke6 45. b5 cxb5 46. cxb5 Kd5 47. Kf5 Kd4 48. a6 bxa6 49. bxa6 e4 50. a7 exf3 51. a8Q Ke3 52. Qe4+ Kf2 53. Qxf4 Kg2 54. g5 f2 55. Qxf2+ Kxf2 56. g6 Ke3 57. g7 Kd4 58. g8Q Kd3 59. Qd5+ Ke3 60. Qe4+ Kd2 61. Qf3 Kc2 62. Ke4 Kd2 63. Qd3+ Kc1 64. Qe2 Kb1 65. Kd3 Ka1 66. Kc3 Kb1 67. Qb2# 1-0

[Event "POL-chT U20 2nd League"]
[Site "Szczyrk"]
[Date "2017.07.24"]
[Round "3.27"]
[White "Libura, Julianna"]
[Black "Lichorad, Mateusz"]
[Result "1-0"]
[WhiteElo "1367"]
[BlackElo "1667"]
[PlyCount "77"]
[EventDate "2017.07.22"]
[EventType "team-swiss"]
[EventRounds "11"]
[EventCountry "POL"]
[SourceTitle "EXT 2019"]
[Source "ChessBase"]
[SourceDate "2018.10.10"]
[SourceVersion "1"]
[SourceVersionDate "2018.10.10"]
[SourceQuality "1"]

1. e4 c5 2. Nf3 e6 3. d4 cxd4 4. Nxd4 Nc6 5. Nxc6 bxc6 6. Bd3 Nf6 7. 0-0 d5 8. Nd2 Be7 9. Qe2 0-0 10. c4 Qc7 11. Rd1 Bb7 12. b3 a5 13. Bb2 a4 14. exd5 cxd5 15. Rac1 Qb6 16. c5 Qb4 17. a3 Qh4 18. Nf3 Qh5 19. b4 Rfc8 20. Qe5 d4 21. Qxh5 Nxh5 22. Nxd4 Bf6 23. Bc3 Nf4 24. Bf1 Nd5 25. Nb5 Nxc3 26. Nxc3 Kf8 27. Bb5 Bg5 28. Rc2 Rd8 29. Rxd8+ Rxd8 30. Kf1 Ke7 31. c6 Bc8 32. Ne4 Bh6 33. Ke2 f5 34. Nc5 Rd5 35. Bxa4 e5 36. Bb3 Rd4 37. b5 Kd6 38. b6 Kxc6 39. Ne6+ 1-0

[Event "POL Olympiad U14"]
[Site "Drzonkow"]
[Date "2017.04.08"]
[Round "9"]
[White "Lichorad, Mateusz"]
[Black "Dixa, Oskar"]
[Result "1-0"]
[WhiteElo "1601"]
[BlackElo "1784"]
[PlyCount "99"]
[EventDate "2017.04.02"]
[EventType "swiss"]
[EventRounds "9"]
[EventCountry "POL"]
[SourceTitle "EXT 2020"]
[Source "ChessBase"]
[SourceDate "2019.10.17"]
[SourceVersion "1"]
[SourceVersionDate "2019.10.17"]
[SourceQuality "1"]

1. e4 c5 2. Nf3 e6 3. d4 cxd4 4. Nxd4 a6 5. Bd3 Qc7 6. 0-0 Nf6 7. Qe2 d6 8. f4 Nbd7 9. Kh1 Be7 10. c4 b6 11. Nc3 Bb7 12. Bd2 0-0 13. Rae1 Rfd8 14. b3 Rac8 15. Bb1 Qb8 16. h3 Qa8 17. f5 e5 18. Nf3 Nc5 19. Nd5 Bxd5 20. exd5 b5 21. g4 bxc4 22. bxc4 Re8 23. Kh2 g6 24. g5 Nh5 25. f6 Bd8 26. Nh4 Rb8 27. Nxg6 Rxb1 28. Ne7+ Bxe7 29. Rxb1 Bf8 30. Qxh5 e4 31. Be3 Nd3 32. Rg1 Ne5 33. Rbf1 Qc8 34. Bd4 Ng6 35. Qe2 Qc7 36. Rg4 e3 37. h4 Ne5 38. Bxe5 Rxe5 39. Rf3 Qc5 40. Kg2 a5 41. h5 a4 42. g6 Bh6 43. Rfg3 Re8 44. gxh7+ Kxh7 45. Qd3+ Kh8 46. Rg7 Bxg7 47. Rxg7 Re4 48. Qxe4 Qxd5 49. cxd5 e2 50. Qh7# 1-0

[Event "POL Olympiad U14"]
[Site "Drzonkow"]
[Date "2017.04.02"]
[Round "1"]
[White "Lichorad, Mateusz"]
[Black "Warchol, Bartosz"]
[Result "0-1"]
[WhiteElo "1601"]
[BlackElo "1881"]
[PlyCount "100"]
[EventDate "2017.04.02"]
[EventType "swiss"]
[EventRounds "9"]
[EventCountry "POL"]
[SourceTitle "EXT 2020"]
[Source "ChessBase"]
[SourceDate "2019.10.17"]
[SourceVersion "1"]
[SourceVersionDate "2019.10.17"]
[SourceQuality "1"]

1. e4 e5 2. Nf3 Nc6 3. Bc4 Nf6 4. d3 Bc5 5. 0-0 d6 6. c3 a6 7. Bb3 Ba7 8. Nbd2 0-0 9. Re1 Ne7 10. Nf1 Ng6 11. Ng3 h6 12. h3 Re8 13. d4 Be6 14. Bxe6 Rxe6 15. d5 Re8 16. Qd3 Qd7 17. Nf5 Rad8 18. g4 Nf4 19. Bxf4 exf4 20. Nd2 c6 21. c4 b5 22. cxb5 axb5 23. dxc6 Qxc6 24. Rac1 Qb6 25. Qf3 d5 26. e5 Ne4 27. Nxe4 dxe4 28. Rxe4 Rd2 29. Re2 Rxe2 30. Qxe2 Rxe5 31. Qf3 Rc5 32. Rf1 Bb8 33. Qe4 Qd8 34. Ne7+ Kh8 35. Nc6 Qc8 36. Nxb8 Qxb8 37. Qe7 Qc7 38. Qe8+ Kh7 39. Qe4+ g6 40. b3 Rc2 41. a3 Rc3 42. Qb4 Rxh3 43. Kg2 Rh4 44. f3 Qc2+ 45. Rf2 Rh2+ 46. Kxh2 Qxf2+ 47. Kh1 Qxf3+ 48. Kh2 Qg3+ 49. Kh1 f3 50. Qd2 f2 0-1

[Event "POL-chT U19 2nd League"]
[Site "Iwonicz"]
[Date "2016.07.31"]
[Round "10.46"]
[White "Lichorad, Mateusz"]
[Black "Gradalski, Olaf"]
[Result "1-0"]
[WhiteElo "1594"]
[BlackElo "1144"]
[PlyCount "91"]
[EventDate "2016.07.23"]
[EventType "team-swiss"]
[EventRounds "11"]
[EventCountry "POL"]
[SourceTitle "EXT 2019"]
[Source "ChessBase"]
[SourceDate "2018.10.10"]
[SourceVersion "1"]
[SourceVersionDate "2018.10.10"]
[SourceQuality "1"]
[WhiteTeam "Tarnowskie Gory Strzybniczanka U19"]
[BlackTeam "Pszczyna PSSz U19"]
[WhiteTeamCountry "POL"]
[BlackTeamCountry "POL"]

1. e4 d5 2. exd5 Qxd5 3. d4 Nf6 4. Nf3 a6 5. c4 Qd8 6. Be2 Bg4 7. Nc3 e6 8. Be3 Be7 9. 0-0 0-0 10. Qb3 Qc8 11. Rfd1 Rd8 12. Ne5 Bxe2 13. Nxe2 Nbd7 14. Nxd7 Rxd7 15. Rac1 b6 16. Nf4 Rb8 17. Nd3 Bd6 18. Ne5 Bxe5 19. dxe5 Ne8 20. Qc2 c6 21. b3 Rxd1+ 22. Rxd1 b5 23. Qe4 Qc7 24. h3 Rc8 25. c5 h6 26. Qd4 Kf8 27. Qe4 Kg8 28. f4 Rb8 29. Qd3 Rc8 30. Qe4 Rb8 31. g4 Rc8 32. f5 exf5 33. gxf5 f6 34. Bf4 Rd8 35. Rxd8 Qxd8 36. Qxc6 Qd1+ 37. Kf2 Qc2+ 38. Kg3 Qd3+ 39. Kh4 g5+ 40. fxg6 Qxg6 41. Qe6+ Kh7 42. Qg4 Qf7 43. Qf5+ Kg7 44. exf6+ Qxf6+ 45. Qxf6+ Nxf6 46. Be5 1-0

[Event "POL-chT U19 2nd League"]
[Site "Iwonicz"]
[Date "2015.08.01"]
[Round "2.51"]
[White "Laszczak, Przemyslaw"]
[Black "Lichorad, Mateusz"]
[Result "0-1"]
[WhiteElo "1876"]
[BlackElo "1350"]
[PlyCount "138"]
[EventDate "2015.07.25"]
[EventType "team-swiss"]
[EventRounds "11"]
[EventCountry "POL"]
[SourceTitle "EXT 2019"]
[Source "ChessBase"]
[SourceDate "2018.10.10"]
[SourceVersion "1"]
[SourceVersionDate "2018.10.10"]
[SourceQuality "1"]
[WhiteTeam "Minsk Mazowiecki MTSz U19"]
[BlackTeam "Gory Strzybniczanka Tarnowskie U19"]
[WhiteTeamCountry "POL"]
[BlackTeamCountry "POL"]

1. d4 c5 2. d5 e5 3. e4 d6 4. Nc3 Be7 5. Nf3 a6 6. a4 h6 7. Be2 Nd7 8. Be3 Bg5 9. Nxg5 hxg5 10. Qd2 f6 11. a5 Ne7 12. Na4 Ng6 13. g3 b6 14. axb6 Nxb6 15. Qa5 Nxa4 16. Qxd8+ Kxd8 17. Rxa4 Kc7 18. 0-0 Kb6 19. b4 Kc7 20. bxc5 dxc5 21. Bxc5 Nf8 22. Rfa1 Nd7 23. Be3 Nb8 24. c4 Bd7 25. R4a3 Rf8 26. c5 Bc8 27. d6+ Kc6 28. Bc4 Kd7 29. Rb3 Nc6 30. Rb6 Rb8 31. Be6+ Kxe6 32. Rxc6 Rf7 33. Rd1 Rd7 34. Bd2 Bb7 35. Rc7 Bxe4 36. Ba5 Rb1 37. Rxb1 Bxb1 38. Rc6 Bd3 39. Rb6 Kd5 40. Bb4 Bb5 41. Kg2 Kc4 42. Ba3 Kd5 43. Kh3 f5 44. Kg2 g6 45. Rb8 Rg7 46. Rc8 Bc6 47. h3 Bb7 48. Rb8 Bc6 49. Rb6 Bb5 50. Kf3 Rd7 51. Ke3 f4+ 52. Kf3 e4+ 53. Kg4 e3 54. fxe3 fxe3 55. Rxb5 axb5 56. Kf3 Ra7 57. Bc1 b4 58. Bxe3 b3 59. Bc1 Kxc5 60. Kg4 Kxd6 61. Kxg5 Ra1 62. Bb2 Ra2 63. Bg7 b2 64. Bxb2 Rxb2 65. g4 Rh2 66. Kxg6 Ke6 67. g5 Rxh3 68. Kg7 Kf5 69. g6 Rg3 0-1